000
00317nam a2200121Ia 4500
005
20251222143258.0
008
251222s9999||||xx |||||||||||||| ||spa||
082
_a
658.314/C83L
100
_a
Cossio de Vivanco, José Luis de
245
0
_a
La Cultura Organizacional
264
_b
Gráfica Interamericana
942
_c
LIB
999
_c
15242
_d
15242